Letters Ranked by Usage - Statistics

General Stats
  • This quiz has been taken 56 times
  • The average score is 13 of 26
Answer Stats
% Answer % Correct
12.02 E
100%
8.12 A
89%
7.68 O
89%
9.1 T
87%
7.31 I
85%
6.28 S
78%
6.95 N
76%
6.02 R
72%
5.92 H
59%
4.32 D
52%
3.98 L
52%
2.88 U
48%
0.07 Z
46%
2.71 C
39%
0.11 Q
39%
0.1 J
33%
2.09 W
33%
0.17 X
33%
2.61 M
30%
2.11 Y
30%
2.3 F
28%
0.69 K
22%
1.49 B
20%
1.82 P
20%
1.11 V
20%
2.03 G
15%
No matching quizzes found
Score Distribution
Percent of People with Each Score
Percentile by Number Answered
Your Score History
You have not taken this quiz